Porovnanie virtualizačných nástrojov

Uložené v:
Podrobná bibliografia
Hlavný autor: Kubík, Pavol, 1987- (Autor)
Ďalší autori: Abaffy, Jaroslav, 1984- (Vedúci práce)
Médium: Rukopis Kniha
Jazyk:Slovak
Vydavateľské údaje: Bratislava : STU v Bratislave FIIT, 2010
Predmet:
On-line prístup:VAIS
Tagy: Pridať tag
Žiadne tagy, Buďte prvý, kto otaguje tento záznam!

MARC

LEADER 00000ntm a22000003a 4500
001 stu220626
005 20150617230118.3
008 110128s2010----xo------------------slo-d
040 |a STU  |b slo 
041 0 |a slo 
044 |a xo 
100 1 |a Kubík, Pavol,  |d 1987-  |4 aut  |u I100  |U FIIT Fakulta informatiky a informačných technológií  |T FIIT Ústav počítačových systémov a sietí  |X 36243  |U I100  |Y 178  |7 A000036243 
242 0 0 |a Comparison of the virtualization tools  |y eng 
245 1 |a Porovnanie virtualizačných nástrojov 
260 |a Bratislava :  |b STU v Bratislave FIIT,  |c 2010 
650 7 |a počítačové systémy a siete  |2 stusub 
650 7 |a Computer Systems and Networks  |2 estusub 
650 7 |a comparison  |2 estusub 
650 7 |a testing  |2 estusub 
650 7 |a testovanie  |2 stusub 
650 7 |a porovnanie  |2 stusub 
700 1 |a Abaffy, Jaroslav,  |d 1984-  |4 ths  |u I100  |U FIIT Fakulta informatiky a informačných technológií  |T FIIT Ústav počítačových systémov a sietí  |X 30844  |U I100  |Y 178  |7 30844 
856 4 |a info a plný text  |u http://is.stuba.sk/zp/portal_zp.pl?podrobnosti=22781  |3 VAIS 
996 |c I*BAP82/10  |l II680  |s P  |a 0  |w stu220626_0001